000 00859nam a2200253Ia 4500
003 OSt
005 20220923223409.0
006 a|||||r|||| 00| 0
007 ta
008 220922b |||||||| |||| 00| 0 hin d
024 _a214,786
037 _cTextual
040 _aARTS
_cARTS
_bhin
041 _2hin
_ahin
082 _aO152,3N102,VI, J2;K8
100 _aश्रीवास्तव, प्रताप नारायण
245 0 _aविजय
246 _aVijaya
250 _aसंस्क0 6
260 _aलखनऊ
_b गंगा पुस्तक माला कार्यालय
_c1968
650 _aहिन्दी साहित्य
_9156264
942 _hO152,3N102,VI, J2;K8
_cTEXL
_2CC
999 _c364700
_d364700